Morphology of human skin

Bibliographic Details
Format: Book
Language:Undetermined
PhysicalDescription:196 s.
Published: Brno J.E. Purkyně University 1980

MARC

LEADER 00000nam a2200000 a 4500
001 vtls001427749
003 SK-MaSNL
005 20260224070931.0
008 240130s1980 xr 0 und
035 |a SNK000382729 
040 |a SNK  |b slo  |c SNK  |e AACR2 
044 |a xr  |c CZ 
245 1 |a Morphology of human skin 
260 |a Brno  |b J.E. Purkyně University  |c 1980 
300 |a 196 s. 
958 |a OND 
999 |c 899606  |d 901536 
952 |t P60, <04>, [BOOK], {604}  |a SNK  |b SNK  |y VYP  |7 0  |p 17A0330212  |o snkIC 84651  |i snkKIP 5618/81  |0 0  |1 0  |4 0  |d 2002-01-24  |l 0  |r 2005-01-02 00:00:00  |w 2026-02-24